Evil - or misunderstood? (Record no. 65653)
[ view plain ]
| 000 -LEADER | |
|---|---|
| fixed length control field | 01233cam a2200205 4500 |
| 001 - CONTROL NUMBER | |
| control field | ABS63259 |
| 008 - FIXED-LENGTH DATA ELEMENTS--GENERAL INFORMATION | |
| fixed length control field | 000000n2000 000 0 eng u |
| 035 ## - SYSTEM CONTROL NUMBER | |
| System control number | (Sirsi) u110074 |
| 100 ## - MAIN ENTRY--PERSONAL NAME | |
| Personal name | Parisotti, M |
| 245 ## - TITLE STATEMENT | |
| Title | Evil - or misunderstood? |
| 260 ## - PUBLICATION, DISTRIBUTION, ETC. | |
| Date of publication, distribution, etc. | 2000 |
| 490 ## - SERIES STATEMENT | |
| Series statement | Building |
| Volume/sequential designation | 265(8164) 1 December 2000, 62(1) |
| 520 ## - SUMMARY, ETC. | |
| Summary, etc. | Discusses the net contribution clause and the common misconceptions concerning the detail of the principle and the fact that its complexity disguises its intention. Net contribution clauses effectively reduce a party's share of liability to reflect their share of fault. Without such a clause the warrantor may well have to stand alone, unable to divide the damages payable with others who were also at fault. On design-and-build jobs, the division of risk between contractor and consultant can be particularly contentious and needs a commonsense approach. Net contribution clauses work much more in the client's favour because they do not make the warranty conditional on similar warranties from the third parties. |
| 590 ## - LOCAL NOTE (RLIN) | |
| Local note | ABS |
| 650 ## - SUBJECT ADDED ENTRY--TOPICAL TERM | |
| Topical term or geographic name entry element | NET CONTRIBUTION CLAUSES |
| 650 ## - SUBJECT ADDED ENTRY--TOPICAL TERM | |
| Topical term or geographic name entry element | LIABILITY |
| 650 ## - SUBJECT ADDED ENTRY--TOPICAL TERM | |
| Topical term or geographic name entry element | WARRANTIES |
| 690 ## - LOCAL SUBJECT ADDED ENTRY--TOPICAL TERM (OCLC, RLIN) | |
| Topical term or geographic name as entry element | BUILT ENVIRONMENT-BUILDING CONTRACT FORMS |
| 942 ## - ADDED ENTRY ELEMENTS (KOHA) | |
| Suppress in OPAC | 0 |
| Withdrawn status | Lost status | Source of classification or shelving scheme | Damaged status | Not for loan | Home library | Current library | Shelving location | Date acquired | Total Checkouts | Full call number | Barcode | Date last seen | Copy number | Price effective from | Koha item type |
|---|---|---|---|---|---|---|---|---|---|---|---|---|---|---|---|
| Dewey Decimal Classification | London | London | Journal article | 03/01/2001 | ABS63259 | 110074-1001 | 06/08/2019 | 1 | 06/08/2019 | Journal article |